MARC

LEADER 00000nam0a2200000 4500
001 288743
005 20231102000123.0
035 |a (RuTPU)RU\TPU\book\313227 
090 |a 288743 
100 |a 20150327d1984 k y0rusy5003 ca 
101 0 |a rus 
102 |a RU 
105 |a a z 001zy 
200 1 |a Физические процессы в ионосфере и магнитосфере  |e [сборник статей]  |f Академия наук СССР (АН СССР), Институт земного магнетизма, ионосферы и распространения радиоволн (ИЗМИРАН) ; отв. ред. Х. Д. Канониди 
210 |a Москва  |c [Б. и.]  |d 1984 
215 |a 175 с.  |d 21 см  |c ил. 
320 |a Библиография в конце статей 
606 1 |a Ионосфера  |2 stltpush  |3 (RuTPU)RU\TPU\subj\13099  |9 39768 
610 1 |a магнитосфера 
610 1 |a магнитосферные возмущения 
610 1 |a ионосферные возмущения 
610 1 |a пространственно-временная картина 
610 1 |a магнитосферные процессы 
610 1 |a ионосферные явления 
610 1 |a моделирование 
610 1 |a электроны 
610 1 |a потоки электронов 
610 1 |a распространение 
610 1 |a электромагнитные процессы 
675 |a 551.510.535  |z rus  |v 4 
702 1 |a Канониди  |b Х. Д.  |4 340 
712 0 2 |a Академия наук СССР (АН СССР)  |b Институт земного магнетизма, ионосферы и распространения радиоволн (ИЗМИРАН)  |2 stltpush  |3 (RuTPU)RU\TPU\col\12157 
801 0 |a RU  |b RuMRKP  |c 19950704  |g psbo 
801 1 |a RU  |b 63413507  |c 20150327 
801 2 |a RU  |b 63413507  |c 20171129  |g RCR 
942 |c BK